Inovatívnosť a proces zmien vo vyučovaní cudzích jazykov na vysokých školách

Chápanie pojmu inovatívnosť vo vyučovaní cudzích jazykov. Faktory procesu zmien. Oblasti zasiahnuté zmenami. Miesto gramatiky vo vyučovaní cudzích jazykov. Vyučovanie verzus učenie. Kľúčové kompetentnosti v odbornom kontexte v profesijnom prostredí. Kognitívne vedy. Vplyv vedy a výskumu na vyučovani...

Descripción completa

Guardado en:
Detalles Bibliográficos
Autor principal: Breveníková, Daniela
Formato: Capítulo de libro
Lenguaje:eslovaco
Materias:
Etiquetas: Agregar Etiqueta
Sin Etiquetas, Sea el primero en etiquetar este registro!

MARC

LEADER 00000nla$a2200000$$$4500
001 0114800
005 20240502072301.0
041 0 |a slo 
044 |a SK 
245 1 0 |a Inovatívnosť a proces zmien vo vyučovaní cudzích jazykov na vysokých školách  |c Daniela Breveníková 
520 |a Chápanie pojmu inovatívnosť vo vyučovaní cudzích jazykov. Faktory procesu zmien. Oblasti zasiahnuté zmenami. Miesto gramatiky vo vyučovaní cudzích jazykov. Vyučovanie verzus učenie. Kľúčové kompetentnosti v odbornom kontexte v profesijnom prostredí. Kognitívne vedy. Vplyv vedy a výskumu na vyučovanie cudzích jazykov. 
610 2 0 |a vzdelávanie 
610 2 0 |a vyučovanie 
610 2 0 |a jazyky cudzie 
610 2 0 |a školy vysoké 
610 2 0 |a inovácia 
610 2 0 |a veda 
610 2 0 |a výskum 
100 1 |a Breveníková, Daniela